000 00442nam a2200181Ia 4500
005 20240419115215.0
008 131103s9999 xx 000 0 und d
040 _aLoreto College
041 _aEnglish
082 _a425
_bMAT
100 _aMathur, Chandralekha
245 _aClauses
_cChandralekha Mathur
260 _aNew Delhi
_bLearners
_c2000
300 _a48p.
_b ill.
650 _aEnglish grammar
850 _aLCBED
942 _cBK
999 _c28042
_d78521